00605nam a2200157Ia 4500008004100000041000800041082001700049100002200066245015200088250000600240260003400246300000800280650001400288999001900302952012600321210716s2007 xx 000 0 und d aeng a658.802 ARNC aArnold, Curtis M. aTiming the market: how to profit in bull and bear markets with technical analysis.bHow to profit in bull and bear markets with technical analysis. a1 aNew DelhibVision Booksc2007 a232 aMarketing c206997d206997 001040708MBAaAIMITbAIMITd2011-11-15g280.00l0o658.802 ARNCpMBA09563r2026-05-23 00:00:00v224.00w2021-07-16yBK